[Event "Montevideo Reina Reyes op 14th"]
[Site "Montevideo"]
[Date "2020.02.15"]
[Round "1"]
[White "Macedonio, Mauricio"]
[Black "Beltran, Gaston"]
[Result "0-1"]
[WhiteElo "1066"]
[BlackElo "1412"]
[PlyCount "40"]
[EventDate "2020.02.15"]
[EventType "swiss"]
[EventRounds "5"]
[EventCountry "URU"]
[SourceTitle "CBM 195 Extra"]
[Source "ChessBase"]
[SourceDate "2020.05.31"]
[SourceVersion "1"]
[SourceVersionDate "2020.05.31"]
[SourceQuality "1"]

1. e4 e5 2. Nf3 Nc6 3. Bc4 Nf6 4. d3 Bc5 5. 0-0 d6 6. c3 Bg4 7. Nbd2 Qe7 8. Qb3 Bb6 9. Ng5 Bh5 10. Re1 Ng4 11. Nh3 Qf6 12. Rf1 Ne7 13. Nf3 Qg6 14. Bd2 Nf6 15. Nh4 Qg4 16. Nf3 Qd7 17. Be3 Bxf3 18. Bxb6 Qg4 19. Bxf7+ Kf8 20. g3 Qxh3 0-1

[Event "Montevideo Reina Reyes op 14th"]
[Site "Montevideo"]
[Date "2020.02.15"]
[Round "2"]
[White "Muniz, Facundo"]
[Black "Macedonio, Mauricio"]
[Result "1-0"]
[WhiteElo "1226"]
[BlackElo "1066"]
[PlyCount "71"]
[EventDate "2020.02.15"]
[EventType "swiss"]
[EventRounds "5"]
[EventCountry "URU"]
[SourceTitle "CBM 195 Extra"]
[Source "ChessBase"]
[SourceDate "2020.05.31"]
[SourceVersion "1"]
[SourceVersionDate "2020.05.31"]
[SourceQuality "1"]

1. e4 e5 2. Nf3 Nc6 3. Bc4 Bc5 4. c3 d6 5. d4 exd4 6. cxd4 Bb6 7. 0-0 Bg4 8. Nbd2 Nxd4 9. h3 Nxf3+ 10. Nxf3 Nf6 11. hxg4 0-0 12. Re1 Nxg4 13. Be3 Ba5 14. Re2 Nxe3 15. Rxe3 Bb6 16. Re2 Qd7 17. Rd2 Qc6 18. Bd5 Qc5 19. Rc1 Qa5 20. Bxb7 Rab8 21. Bd5 c5 22. Rc4 Qxa2 23. Ra4 Qxa4 24. Qxa4 Rfe8 25. Qc4 Re7 26. Ng5 Rf8 27. Nxf7 Rexf7 28. Bxf7+ Rxf7 29. Rxd6 g6 30. Rd7 Kg7 31. Qxf7+ Kh6 32. Qxh7+ Kg5 33. Rg7 c4 34. Rxg6+ Kf4 35. Rxb6 axb6 36. Qf5# 1-0